CIVIL ENGINEERING CONSTRUCTION: DESIGN AND MANAGEMENT (Record no. 216201)
[ view plain ]
| 000 -LEADER | |
|---|---|
| fixed length control field | 00506nam a22001577a 4500 |
| 008 - FIXED-LENGTH DATA ELEMENTS--GENERAL INFORMATION | |
| fixed length control field | 251118b |||||||| |||| 00| 0 eng d |
| 020 ## - INTERNATIONAL STANDARD BOOK NUMBER | |
| International Standard Book Number | 979-8-88715-339-1 |
| 100 ## - MAIN ENTRY--PERSONAL NAME | |
| Personal name | MAISON, ELLE |
| 245 ## - TITLE STATEMENT | |
| Title | CIVIL ENGINEERING CONSTRUCTION: DESIGN AND MANAGEMENT |
| 260 ## - PUBLICATION, DISTRIBUTION, ETC. | |
| Place of publication, distribution, etc. | DUBLIN |
| Name of publisher, distributor, etc. | ORYSON PRESS |
| Date of publication, distribution, etc. | 2024 |
| 300 ## - PHYSICAL DESCRIPTION | |
| Extent | V, 262P. |
| 500 ## - GENERAL NOTE | |
| General note | INCLUDES INDEX |
| 650 ## - SUBJECT ADDED ENTRY | |
| Topical term or geographic name entry element | 1. CIVIL ENGINEERING 2. CONSTRUCTION INDUSTRY -MANAGEMENT 3. BUILDING -DESIGN AND CONSTRUCTION |
| 942 ## - ADDED ENTRY ELEMENTS (KOHA) | |
| Source of classification or shelving scheme | Library of Congress Classification |
| Koha item type | Long Loan Book |
| Withdrawn status | Lost status | Source of classification or shelving scheme | Damaged status | Not for loan | Collection | Home library | Current library | Shelving location | Date acquired | Inventory number | Total checkouts | Full call number | Barcode | Date last seen | Copy number | Price effective from | Koha item type |
|---|---|---|---|---|---|---|---|---|---|---|---|---|---|---|---|---|---|
| Library of Congress Classification | Science & Technology | Kisii University Library | Kisii University Library | On Display | 11/18/2025 | 109879 | TA 630 .M35 2024 | 000000023003 | 11/18/2025 | C.1 | 11/18/2025 | Long Loan Book | |||||
| Library of Congress Classification | Science & Technology | Kisii University Library | Kisii University Library | On Display | 11/18/2025 | 109880 | TA 630 .M35 2024 | 000000014949 | 11/18/2025 | C.2 | 11/18/2025 | Long Loan Book | |||||
| Library of Congress Classification | Science & Technology | Kisii University Library | Kisii University Library | On Display | 11/18/2025 | 109881 | TA 630 .M35 2024 | 000000014950 | 11/18/2025 | C.3 | 11/18/2025 | Long Loan Book | |||||
| Library of Congress Classification | Science & Technology | Kisii University Library | Kisii University Library | On Display | 11/18/2025 | 109882 | TA 630 .M35 2024 | 000000014951 | 11/18/2025 | C.3 | 11/18/2025 | Long Loan Book |